| 000 | 00000nam##2200000za#4500 |
| 001 | 9.642128 |
| 003 | CaOODSP |
| 005 | 20210624223543 |
| 007 | cr ||||||||||| |
| 008 | 150407|2000||||xxc|||||o f|0| 0 fre|d |
| 040 | |aCaOODSP|bfre |
| 043 | |an-cn--- |
| 086 | 1 |aRH64-73/2000F-PDF |
| 110 | 1 |aCanada.|bDéveloppement des ressources humaines Canada. |bPolitique stratégique. |
| 245 | 10|aÉtude bilan - le travail autonome à son compte au Canada : |h[ressource électronique]|brapport final / |c[par] Évaluation et développement des données. |
| 260 | |aOttawa - Ontario : |bDéveloppement des ressources humaines Canada. |cNovembre 2000. |
| 300 | |a38p.|bfigures, références, tableaux |
| 590 | |a13-16-Supp|b2013-07-12 |
| 691 | 07|aEmploi autonome|2gcpds |
| 775 | 08|tLessons learned - own-account self-employment in Canada : |w(CaOODSP)9.698134 |
| 856 | 40|ahttp://publications.gc.ca|qPDF|s146 Ko|uhttps://publications.gc.ca/collections/collection_2013/rhdcc-hrsdc/RH64-73-2000-fra.pdf |
| 986 | |aSP-AH145-11-00F |